Informačná spoločnosť - príležitosť, ako zlepšiť kvalitu života

Rozhovor s generálnym riaditeľom firmy IBM Slovensko H. Dahlom o budúcnosti v oblasti počítačových technológií. Nárast dopytu po počítačových systémoch. Rozvoj informačnej spoločnosti na úrovni štátu, Európy, sveta. Prínos informačnej spoločnosti pre oblasť vzdelávania a zdravotníctva. Porovnanie tr...

Ausführliche Beschreibung

Gespeichert in:
Bibliographische Detailangaben
1. Verfasser: Dahl, H.
Format: Buchkapitel
Sprache:Slowakisch
Schlagworte:
Tags: Tag hinzufügen
Keine Tags, Fügen Sie das erste Tag hinzu!

MARC

LEADER 00000naa a2200000 4500
001 r026679
005 20230606081622.6
041 0 |a slo 
044 |a SK 
245 1 0 |a Informačná spoločnosť - príležitosť, ako zlepšiť kvalitu života  |c H. Dahl 
520 |a Rozhovor s generálnym riaditeľom firmy IBM Slovensko H. Dahlom o budúcnosti v oblasti počítačových technológií. Nárast dopytu po počítačových systémoch. Rozvoj informačnej spoločnosti na úrovni štátu, Európy, sveta. Prínos informačnej spoločnosti pre oblasť vzdelávania a zdravotníctva. Porovnanie trhu informačných technológií v Nórsku a na Slovensku. 
610 2 0 |a spoločnosť informačná 
610 2 0 |a technológie informačné 
610 2 0 |a systémy počítačové 
610 2 0 |a správa štátna 
610 2 0 |a starostlivosť zdravotná 
610 2 0 |a vzdelávanie 
610 2 0 |a Nórsko 
610 2 0 |a Slovensko 
100 1 |a Dahl, H.